[Event "KP 2024/25,Panda RK B-TJ Nachod B"]
[Site "Rychnov nad Kněžnou, Czech R"]
[Date "2025.03.23"]
[Round "10.7"]
[White "Mares, Ilja"]
[Black "Bubenicek, SImon"]
[Result "1/2-1/2"]
[WhiteElo "1825"]
[BlackElo "1777"]
[PlyCount "93"]
[EventDate "2025.??.??"]
[SourceVersionDate "2025.03.23"]

1. c4 Nf6 2. Nc3 b6 3. e4 e5 4. Nf3 Nc6 5. d4 exd4 6. Nxd4 Nxd4 7. Qxd4 Bc5 8.
Qe5+ Qe7 9. Qxe7+ Kxe7 10. Be2 d6 11. Bg5 c6 12. f3 h6 13. Bh4 g5 14. Bf2 Bxf2+
15. Kxf2 Be6 16. h4 Rad8 17. Rad1 d5 18. cxd5 cxd5 19. e5 Nh5 20. Rd4 f6 21.
exf6+ Nxf6 22. a3 Rc8 23. Ba6 Rc5 24. hxg5 Ng8 25. Bb7 Rc4 26. Ke3 Kf7 27. Nxd5
Rxd4 28. Kxd4 Kg6 29. Nf4+ Kf5 30. g3 Bf7 31. gxh6 Nxh6 32. Be4+ Kf6 33. Rg1
Nf5+ 34. Kd3 Rd8+ 35. Kc3 Ne3 36. b3 Nd1+ 37. Kc2 Ne3+ 38. Kb2 Nd1+ 39. Kc2
Ne3+ 40. Kc3 Nd1+ 41. Kb4 Rd4+ 42. Kb5 Bxb3 43. g4 Nc3+ 44. Ka6 Nxe4 45. fxe4
Rxe4 46. g5+ Kg7 47. Kxa7 1/2-1/2

[Event "KP 2024/25,Panda RK B-TJ Nachod B"]
[Site "Rychnov nad Kněžnou, Czech R"]
[Date "2025.03.23"]
[Round "10.8"]
[White "Vokurka, Vilem"]
[Black "Krautschneider, Daniel Jan"]
[Result "1/2-1/2"]
[WhiteElo "1655"]
[BlackElo "1774"]
[PlyCount "41"]
[EventDate "2025.??.??"]
[SourceVersionDate "2025.03.23"]

1. d4 Nf6 2. Bf4 d5 3. e3 c5 4. c3 Nc6 5. Nd2 Bf5 6. Ngf3 cxd4 7. exd4 e6 8.
Qb3 Qc8 9. h3 Be7 10. Be2 a6 11. O-O O-O 12. a4 Na5 13. Qd1 Nc4 14. Bxc4 dxc4
15. a5 Nd5 16. Bh2 Rd8 17. Ne5 b5 18. axb6 Nxb6 19. Nef3 Nd5 20. Qe2 Bd6 21.
Ne4 1/2-1/2

[Event "KP 2024/25,SK Lipa B-J. Jaromer"]
[Site "?"]
[Date "2025.03.23"]
[Round "10.1"]
[White "Rokos, Filip"]
[Black "Hubka, Lubos"]
[Result "1/2-1/2"]
[WhiteElo "2169"]
[BlackElo "1988"]
[PlyCount "34"]
[EventDate "2025.??.??"]

1. e4 c6 2. d4 d5 3. exd5 cxd5 4. c4 Nf6 5. Nc3 Nc6 6. Nf3 g6 7. cxd5 Nxd5 8.
Qb3 Nxc3 9. bxc3 Bg7 10. Be2 O-O 11. O-O b6 12. Bf4 Bb7 13. Rfd1 Rc8 14. Rac1
e6 15. Qa3 Qd5 16. c4 Qe4 17. Qe3 Qxe3 1/2-1/2

[Event "KP 2024/25,SK Lipa B-J. Jaromer"]
[Site "?"]
[Date "2025.03.23"]
[Round "10.2"]
[White "Prouza, Tomas"]
[Black "Kracik, Tomas"]
[Result "1/2-1/2"]
[WhiteElo "1929"]
[BlackElo "2154"]
[PlyCount "36"]
[EventDate "2025.??.??"]

1. e4 c5 2. Nc3 Nc6 3. g3 d6 4. Bg2 Nf6 5. Nge2 e6 6. O-O Be7 7. d3 Bd7 8. h3
Qb6 9. Be3 Nd4 10. Qd2 Bc6 11. Nd1 d5 12. e5 Nxe2+ 13. Qxe2 Nd7 14. f4 d4 15.
Bd2 Bxg2 16. Qxg2 O-O 17. b3 Rac8 18. Nf2 Qc6 1/2-1/2

[Event "KP 2024/25,SK Lipa B-J. Jaromer"]
[Site "?"]
[Date "2025.03.23"]
[Round "10.3"]
[White "Safarik, Jakub"]
[Black "Banic, Marek"]
[Result "1-0"]
[WhiteElo "2175"]
[BlackElo "1960"]
[PlyCount "41"]
[EventDate "2025.??.??"]

1. d4 d5 2. Nf3 Nf6 3. g3 Bf5 4. Bg2 c6 5. O-O e6 6. c4 Be7 7. Nc3 h6 8. Qb3
Qb6 9. c5 Qxb3 10. axb3 Na6 11. Ne5 Nd7 12. Nxc6 Bf6 13. e4 bxc6 14. Rxa6 Nb8
15. Ra4 Bg6 16. exd5 Kd7 17. d6 Bc2 18. Be3 Bxb3 19. Rb4 Bd5 20. Nxd5 cxd5 21.
Rb7+ 1-0

[Event "KP 2024/25,SK Lipa B-J. Jaromer"]
[Site "?"]
[Date "2025.03.23"]
[Round "10.4"]
[White "Wenke, Oldrich"]
[Black "Sedivy, Martin"]
[Result "1/2-1/2"]
[WhiteElo "1966"]
[BlackElo "2136"]
[PlyCount "25"]
[EventDate "2025.??.??"]

1. e4 c5 2. Nc3 g6 3. f4 Bg7 4. Nf3 d6 5. g3 Nc6 6. Bg2 e6 7. d3 Nge7 8. O-O
O-O 9. Be3 Qa5 10. Qe1 d5 11. Bf2 d4 12. Ne2 Qxe1 13. Bxe1 1/2-1/2

[Event "KP 2024/25,SK Lipa B-J. Jaromer"]
[Site "?"]
[Date "2025.03.23"]
[Round "10.5"]
[White "Jedlicka, Lubos"]
[Black "Mares, Stepan"]
[Result "1-0"]
[WhiteElo "2123"]
[BlackElo "1940"]
[PlyCount "93"]
[EventDate "2025.??.??"]

1. c4 e5 2. g3 Nf6 3. Bg2 d5 4. cxd5 Nxd5 5. Nc3 Be6 6. Nf3 f6 7. O-O Be7 8. d4
Nc6 9. e4 Nxc3 10. bxc3 exd4 11. cxd4 Bf7 12. d5 Na5 13. Qa4+ c6 14. Bd2 b6 15.
Bxa5 bxa5 16. Qxc6+ Kf8 17. d6 Bxd6 18. Rad1 Ke7 19. e5 fxe5 20. Nxe5 Be6 21.
Qb7+ Qc7 22. Qxc7+ Bxc7 23. Bxa8 Rxa8 24. Rfe1 Kf6 25. Nd7+ Kf7 26. Nc5 Bf5 27.
Rd5 g6 28. Ne4 Kf8 29. Nf6 h5 30. Nxh5 Rb8 31. Nf6 Kf7 32. Ne4 Kg7 33. Nd6 Bxd6
34. Rxd6 Rb2 35. Ra6 Rxa2 36. Kg2 a4 37. h3 Bd3 38. Re7+ Kh6 39. Raxa7 Ra1 40.
h4 g5 41. Re6+ Kh5 42. Ra5 Bf1+ 43. Kh2 Kg4 44. Rxg5+ Kf3 45. Rf5+ Kg4 46. Ree5
Ra2 47. Rf4# 1-0

[Event "KP 2024/25,SK Lipa B-J. Jaromer"]
[Site "?"]
[Date "2025.03.23"]
[Round "10.6"]
[White "Stankova, Radka"]
[Black "Sucharda, David"]
[Result "0-1"]
[WhiteElo "1930"]
[BlackElo "2077"]
[PlyCount "70"]
[EventDate "2025.??.??"]

1. e4 d6 2. d4 Nf6 3. Nc3 c6 4. f3 Qb6 5. Bc4 e5 6. Nge2 Be7 7. Bb3 Nbd7 8. Be3
Qc7 9. O-O b5 10. d5 Bb7 11. dxc6 Bxc6 12. Bd5 O-O 13. Bxc6 Qxc6 14. Ng3 g6 15.
Qd3 b4 16. Nd5 Nxd5 17. exd5 Qb7 18. Bh6 Nc5 19. Qd2 Rfc8 20. Ne4 f5 21. Ng5
Na4 22. Ne6 Nxb2 23. Rab1 Qb6+ 24. Rf2 Nc4 25. Qxb4 Qxb4 26. Rxb4 Rab8 27. Rxb8
Rxb8 28. Bc1 Rb5 29. a4 Rxd5 30. Rf1 Ra5 31. Nc7 Bd8 32. Nb5 a6 33. Nc3 Bb6+
34. Kh1 Bd4 35. Ne2 Bc5 0-1

[Event "KP 2024/25,SK Lipa B-J. Jaromer"]
[Site "?"]
[Date "2025.03.23"]
[Round "10.7"]
[White "Kosar, Matej"]
[Black "Marxova, Sarka"]
[Result "1-0"]
[WhiteElo "1877"]
[BlackElo "1688"]
[PlyCount "79"]
[EventDate "2025.??.??"]

1. b4 d5 2. Bb2 Bf5 3. e3 e6 4. b5 Nf6 5. a4 Bd6 6. c4 dxc4 7. Bxc4 Nbd7 8. Nf3
O-O 9. O-O Bg4 10. Be2 Rc8 11. Nc3 Nb6 12. h3 Bh5 13. Qb3 Nbd5 14. Nd4 Bxe2 15.
Ndxe2 Qe7 16. d4 Nxc3 17. Nxc3 c5 18. bxc6 Rxc6 19. Nb5 Rb6 20. Qa2 a6 21. Nxd6
Rxd6 22. Ba3 Rc8 23. Bxd6 Qxd6 24. Rac1 Rc6 25. Qb2 Qd7 26. Rxc6 Qxc6 27. Rc1
Qd7 28. a5 h6 29. Rb1 Qd5 30. Qxb7 Qxa5 31. Qb4 Qa2 32. Qb2 Qc4 33. Rc1 Qd5 34.
Rc8+ Kh7 35. Qb8 Qa2 36. Rh8+ Kg6 37. Qg3+ Kf5 38. Qxg7 Qe2 39. g4+ Ke4 40.
Qxf6 1-0

[Event "KP 2024/25,SK Lipa B-J. Jaromer"]
[Site "?"]
[Date "2025.03.23"]
[Round "10.8"]
[White "Kunes, Jan"]
[Black "Vitova, Anna"]
[Result "1/2-1/2"]
[WhiteElo "1865"]
[BlackElo "1886"]
[PlyCount "35"]
[EventDate "2025.??.??"]

1. d4 Nf6 2. Nf3 e6 3. c4 b6 4. g3 Bb7 5. Bg2 d5 6. cxd5 exd5 7. O-O Be7 8. Nc3
O-O 9. Bf4 Nbd7 10. Rc1 c5 11. dxc5 bxc5 12. Qb3 Nb6 13. Nb5 Ba6 14. a4 Bxb5
15. Qxb5 Bd6 16. Bxd6 Qxd6 17. Rxc5 Ne4 18. Rc6 1/2-1/2

[Event "KP 2024/25,SK Lipa C-TJ Hronov"]
[Site "?"]
[Date "2025.03.23"]
[Round "10.1"]
[White "Pokorny, Zdenek"]
[Black "Cerny, David"]
[Result "1/2-1/2"]
[WhiteElo "2190"]
[BlackElo "2107"]
[PlyCount "20"]
[EventDate "2025.??.??"]
[SourceVersionDate "2025.03.23"]

1. e4 c5 2. Nf3 d6 3. c3 Nf6 4. Be2 Nc6 5. d4 cxd4 6. cxd4 d5 7. e5 Ne4 8. O-O
Bg4 9. h3 Bh5 10. Be3 e6 1/2-1/2

[Event "KP 2024/25,SK Lipa C-TJ Hronov"]
[Site "?"]
[Date "2025.03.23"]
[Round "10.3"]
[White "Novak, Ludek"]
[Black "Prochazka, Jan"]
[Result "1/2-1/2"]
[WhiteElo "1934"]
[BlackElo "1854"]
[PlyCount "34"]
[EventDate "2025.??.??"]
[SourceVersionDate "2025.03.23"]

1. d4 d5 2. c4 e6 3. Nc3 Nf6 4. Bg5 Nbd7 5. e3 c6 6. Nf3 Qa5 7. Nd2 Bb4 8. Qc2
dxc4 9. Bxf6 Nxf6 10. Nxc4 Qc7 11. a3 Bxc3+ 12. bxc3 O-O 13. Bd3 c5 14. O-O b6
15. Rfc1 Bb7 16. Ne5 Rac8 17. a4 cxd4 1/2-1/2

[Event "KP 2024/25,SK Lipa C-TJ Hronov"]
[Site "?"]
[Date "2025.03.23"]
[Round "10.4"]
[White "Vagner, Patrik"]
[Black "Smid, Jaroslav"]
[Result "1/2-1/2"]
[WhiteElo "1806"]
[BlackElo "1919"]
[PlyCount "65"]
[EventDate "2025.??.??"]
[SourceVersionDate "2025.03.23"]

1. d4 d5 2. Nf3 g6 3. c4 dxc4 4. Nc3 Bg7 5. e4 c5 6. Be3 Nf6 7. Bxc4 cxd4 8.
Bxd4 Nc6 9. Bxf6 Bxf6 10. Qxd8+ Nxd8 11. Nd5 Ne6 12. Nxf6+ exf6 13. Bxe6 Bxe6
14. Nd4 O-O-O 15. Nxe6 fxe6 16. Ke2 Rd4 17. f3 Rhd8 18. Rhd1 Kc7 19. Rxd4 Rxd4
20. Rc1+ Kd7 21. a3 f5 22. exf5 exf5 23. Rc3 Rd5 24. Rd3 Kd6 25. f4 b5 26. h3
a5 27. b3 b4 28. axb4 axb4 29. h4 Kc5 30. Rxd5+ Kxd5 31. Kd3 h6 32. g3 Kc5 33.
Ke3 1/2-1/2

[Event "KP 2024/25,SK Lipa C-TJ Hronov"]
[Site "?"]
[Date "2025.03.23"]
[Round "10.5"]
[White "Tsapanidis, Vasilis"]
[Black "Franc, Frantisek Martin"]
[Result "1/2-1/2"]
[WhiteElo "1827"]
[BlackElo "1817"]
[PlyCount "44"]
[EventDate "2025.??.??"]
[SourceVersionDate "2025.03.23"]

1. e4 c5 2. Nf3 Nc6 3. Bb5 d6 4. O-O Bd7 5. Re1 e6 6. c3 Be7 7. d4 cxd4 8. cxd4
Nf6 9. Nc3 O-O 10. d5 exd5 11. exd5 Nb8 12. Bg5 Re8 13. Rc1 a6 14. Ba4 Bxa4 15.
Qxa4 Nbd7 16. Qd1 h6 17. Bh4 Rc8 18. Qd2 Nb6 19. Bxf6 Bxf6 20. Rxe8+ Qxe8 21.
Re1 Qd7 22. Ne4 Be5 1/2-1/2

[Event "KP 2024/25,SK Lipa C-TJ Hronov"]
[Site "?"]
[Date "2025.03.23"]
[Round "10.6"]
[White "Gorecki, Janusz"]
[Black "Koza, Misha"]
[Result "0-1"]
[WhiteElo "1730"]
[BlackElo "1872"]
[PlyCount "116"]
[EventDate "2025.??.??"]
[SourceVersionDate "2025.03.23"]

1. e4 c5 2. Nf3 Nc6 3. d4 cxd4 4. Nxd4 Nf6 5. Nc3 e5 6. Nxc6 bxc6 7. a3 Bc5 8.
Be2 O-O 9. O-O d5 10. exd5 cxd5 11. Bg5 Bb7 12. Qd3 d4 13. Bxf6 Qxf6 14. Ne4
Qg6 15. Bf3 Be7 16. Rfe1 Rab8 17. Nd2 Qxd3 18. cxd3 Bxf3 19. gxf3 Rxb2 20. Nc4
Rb3 21. Nxe5 Bxa3 22. f4 Re8 23. Nf3 Rxe1+ 24. Rxe1 Kf8 25. Kf1 Bc5 26. Ne5 Ke8
27. Rc1 Rc3 28. Re1 f6 29. Nf3+ Kd7 30. Ke2 Rc2+ 31. Kf1 Ra2 32. Rd1 a5 33. Nd2
a4 34. Nc4 Ke6 35. Kg2 a3 36. Kf3 Bb4 37. Ke4 Bc3 38. f5+ Ke7 39. Rg1 Kf8 40.
Kd5 Rxf2 41. Nxa3 Rxf5+ 42. Kc4 Rh5 43. Rg2 g5 44. Nb5 Kf7 45. Nd6+ Kg6 46. Kd5
Rh3 47. Rf2 Rxd3 48. Ne8 f5 49. Nd6 f4 50. Ra2 f3 51. Ne4 Be1 52. Ra6+ Kf5 53.
h3 Kf4 54. Rf6+ Ke3 55. Nxg5 f2 56. Ne6 Rd1 57. Ng5 Bc3 58. Re6+ Kd3 0-1

[Event "KP 2024/25,SK Lipa C-TJ Hronov"]
[Site "?"]
[Date "2025.03.23"]
[Round "10.7"]
[White "Moravec, Radovan"]
[Black "Hyhlan, Jaroslav"]
[Result "0-1"]
[WhiteElo "1719"]
[BlackElo "1869"]
[PlyCount "74"]
[EventDate "2025.??.??"]
[SourceVersionDate "2025.03.23"]

1. d4 d5 2. c4 c6 3. Nf3 Nf6 4. g3 dxc4 5. Bg2 e6 6. O-O Nbd7 7. Qc2 Nb6 8. a4
a5 9. Nbd2 Bb4 10. Nxc4 O-O 11. Bg5 Nxc4 12. Qxc4 h6 13. Bd2 Bxd2 14. Nxd2 Qb6
15. Rab1 Rd8 16. e3 Nd5 17. Nb3 Bd7 18. Nc5 Rab8 19. Rfd1 Be8 20. Bxd5 exd5 21.
Qc3 f6 22. b4 axb4 23. Rxb4 Qa7 24. Rdb1 b6 25. Nd3 Rdc8 26. Qb3 Bg6 27. Rb2
Qd7 28. Nf4 Be4 29. Qd1 g5 30. Ng2 Qh3 31. Qf1 b5 32. Ne1 Qd7 33. axb5 cxb5 34.
Rxb5 Rxb5 35. Qxb5 Qxb5 36. Rxb5 Rc1 37. Kf1 Bd3+ 0-1

[Event "KP 2024/25,SK Lipa C-TJ Hronov"]
[Site "?"]
[Date "2025.03.23"]
[Round "10.8"]
[White "Cap, Jaroslav"]
[Black "Landsmannova, Marie Magdalena"]
[Result "1/2-1/2"]
[WhiteElo "1823"]
[BlackElo "1656"]
[PlyCount "35"]
[EventDate "2025.??.??"]
[SourceVersionDate "2025.03.23"]

1. e4 c5 2. Nf3 d6 3. d4 cxd4 4. Nxd4 Nf6 5. Nc3 g6 6. Bc4 Bg7 7. O-O O-O 8.
Be3 Bd7 9. f3 Nc6 10. Nxc6 Bxc6 11. Qd2 a6 12. Rad1 Rc8 13. Bb3 b5 14. Ne2 Qc7
15. c3 Rfd8 16. Nf4 Bb7 17. Qf2 Re8 18. Bb6 1/2-1/2

[Event "KP 2024/25,SSPM Lipky C-SK Lomnice"]
[Site "?"]
[Date "2025.03.23"]
[Round "10.1"]
[White "Winter, Ondrej"]
[Black "Novotny, Jaroslav"]
[Result "1-0"]
[WhiteElo "2319"]
[BlackElo "2130"]
[PlyCount "101"]
[EventDate "2025.??.??"]
[SourceVersionDate "2025.03.24"]

1. e4 c5 2. Nf3 Nc6 3. Bb5 Qc7 4. Nc3 a6 5. Bxc6 dxc6 6. h3 e5 7. d3 Ne7 8. Be3
Ng6 9. Qd2 Bd6 10. a3 a5 11. O-O O-O 12. Na4 b6 13. b4 axb4 14. axb4 cxb4 15.
Nxb6 Rxa1 16. Rxa1 Bb7 17. Nc4 Ra8 18. Rxa8+ Bxa8 19. Bb6 Qb8 20. Nxd6 Qxd6 21.
Qe3 b3 22. cxb3 Qb4 23. Qc5 Qb5 24. d4 Qxc5 25. Bxc5 exd4 26. Nxd4 Nf4 27. b4
Bb7 28. f3 g6 29. Kf2 Ne6 30. Nb3 Ba6 31. g3 f5 32. exf5 gxf5 33. g4 fxg4 34.
hxg4 Kg7 35. Ke3 h5 36. gxh5 Kh6 37. Ke4 Bc4 38. Nd2 Bd5+ 39. Ke5 Nxc5 40. bxc5
Kxh5 41. Ne4 Kg6 42. f4 Kf7 43. f5 Ke7 44. Ng5 Bg2 45. f6+ Kf8 46. f7 Ke7 47.
Kf5 Bd5 48. Kg6 Bxf7+ 49. Nxf7 Ke6 50. Nd8+ Kd5 51. Nb7 1-0

[Event "KP 2024/25,SSPM Lipky C-SK Lomnice"]
[Site "?"]
[Date "2025.03.23"]
[Round "10.2"]
[White "Duczynski, Martin"]
[Black "Novak, Radomir"]
[Result "1-0"]
[WhiteElo "2079"]
[BlackElo "2035"]
[PlyCount "63"]
[EventDate "2025.??.??"]
[SourceVersionDate "2025.03.24"]

1. d4 Nf6 2. Bg5 d5 3. e3 c6 4. c3 Bf5 5. Bxf6 exf6 6. Bd3 Bxd3 7. Qxd3 Bd6 8.
Nf3 Nd7 9. Nbd2 g6 10. O-O f5 11. c4 dxc4 12. Nxc4 Nf6 13. b4 O-O 14. Rfc1 Be7
15. Rab1 Rc8 16. Qa3 Ra8 17. Na5 Qb6 18. Ne5 Rfd8 19. Qb3 Rd5 20. a4 Rf8 21.
Nec4 Qc7 22. b5 cxb5 23. axb5 Qb8 24. Qa2 Rfd8 25. b6 a6 26. Ne5 Bd6 27. Nac6
Qa8 28. Nxd8 Qxd8 29. f4 Qe7 30. Rc8+ Kg7 31. Rbc1 Rb5 32. R8c7 1-0

[Event "KP 2024/25,SSPM Lipky C-SK Lomnice"]
[Site "?"]
[Date "2025.03.23"]
[Round "10.3"]
[White "Sprinar, Michal"]
[Black "Volman, Vaclav"]
[Result "0-1"]
[WhiteElo "1997"]
[BlackElo "1985"]
[PlyCount "58"]
[EventDate "2025.??.??"]
[SourceVersionDate "2025.03.24"]

1. e4 c5 2. Nf3 e6 3. c3 Nf6 4. e5 Nd5 5. d4 Nc6 6. Bc4 Nb6 7. Bb3 cxd4 8. cxd4
Be7 9. O-O O-O 10. Nc3 d6 11. exd6 Bxd6 12. Re1 Be7 13. a3 Bf6 14. Be3 Ne7 15.
Ne4 Nbd5 16. Nxf6+ Nxf6 17. Rc1 Ned5 18. Bg5 Qd6 19. Ne5 Bd7 20. Bxd5 Nxd5 21.
Qg4 Rfc8 22. Bh6 g6 23. Qf3 Qe7 24. Rxc8+ Rxc8 25. Nxg6 fxg6 26. Qxd5 exd5 27.
Rxe7 Re8 28. Rg7+ Kh8 29. Kf1 Bb5+ 0-1

[Event "KP 2024/25,SSPM Lipky C-SK Lomnice"]
[Site "?"]
[Date "2025.03.23"]
[Round "10.4"]
[White "Blaha, Milan"]
[Black "Jezbera, Jiri"]
[Result "1/2-1/2"]
[WhiteElo "1952"]
[BlackElo "2061"]
[PlyCount "83"]
[EventDate "2025.??.??"]
[SourceVersionDate "2025.03.24"]

1. d4 Nf6 2. c4 g6 3. Nc3 Bg7 4. e4 d6 5. Be2 O-O 6. Nf3 e5 7. O-O Nc6 8. d5
Ne7 9. Ne1 Ne8 10. Be3 f5 11. f3 f4 12. Bf2 g5 13. c5 h5 14. Nd3 Kh8 15. cxd6
cxd6 16. a4 Ng8 17. a5 Nh6 18. Nb5 g4 19. Qe1 Bd7 20. Nb4 Qg5 21. Kh1 Bf6 22.
a6 b6 23. Nc6 g3 24. hxg3 fxg3 25. Bxg3 Rg8 26. Qc1 Qxc1 27. Rfxc1 Rxg3 28.
Ncxa7 h4 29. Nc6 Bg5 30. Rc3 Bf4 31. a7 h3 32. Bf1 hxg2+ 33. Bxg2 Bh3 34. Bxh3
Rxh3+ 35. Kg1 Rh2 36. Ra6 Nf6 37. Nb8 Rxb2 38. Nc7 Rxa7 39. Rxa7 Nh5 40. Ne6
Rb1+ 41. Kf2 Rb2+ 42. Kg1 1/2-1/2

[Event "KP 2024/25,SSPM Lipky C-SK Lomnice"]
[Site "?"]
[Date "2025.03.23"]
[Round "10.5"]
[White "Vlcek, Vojtech"]
[Black "Spinka, Petr"]
[Result "1/2-1/2"]
[WhiteElo "1834"]
[BlackElo "1963"]
[PlyCount "58"]
[EventDate "2025.??.??"]
[SourceVersionDate "2025.03.24"]

1. d4 d5 2. c3 Nf6 3. Bg5 c6 4. e3 Bf5 5. Nd2 Nbd7 6. f4 h6 7. Bh4 Qb6 8. Qb3
Ng4 9. Bf2 Nxf2 10. Kxf2 Nf6 11. h3 g5 12. Ne2 gxf4 13. exf4 Qc7 14. g3 h5 15.
c4 dxc4 16. Qxc4 h4 17. g4 Be6 18. Qc3 Nd5 19. Qf3 f5 20. Bg2 Bg7 21. Rac1 fxg4
22. hxg4 Nxf4 23. Nxf4 Rf8 24. Nxe6 Rxf3+ 25. Bxf3 Qg3+ 26. Ke3 Bh6+ 27. g5
Bxg5+ 28. Nxg5 Qxg5+ 29. Kd3 Rd8 1/2-1/2

[Event "KP 2024/25,SSPM Lipky C-SK Lomnice"]
[Site "?"]
[Date "2025.03.23"]
[Round "10.6"]
[White "Laska, Tomas"]
[Black "Vestfal, Jan"]
[Result "1/2-1/2"]
[WhiteElo "1935"]
[BlackElo "2079"]
[PlyCount "29"]
[EventDate "2025.??.??"]
[SourceVersionDate "2025.03.24"]

1. e4 c5 2. Nf3 e6 3. d3 Nc6 4. g3 g6 5. Bg2 Bg7 6. O-O Nge7 7. c3 d5 8. Nbd2
O-O 9. Qe2 Rb8 10. Re1 b5 11. e5 Nf5 12. Nf1 Bb7 13. Bg5 Qb6 14. g4 Nfe7 15.
Bf6 1/2-1/2

[Event "KP 2024/25,SSPM Lipky C-SK Lomnice"]
[Site "?"]
[Date "2025.03.23"]
[Round "10.7"]
[White "Minovsky, Roman"]
[Black "Hyska Pavel"]
[Result "1-0"]
[WhiteElo "1938"]
[BlackElo "1866"]
[PlyCount "47"]
[EventDate "2025.??.??"]
[SourceVersionDate "2025.03.24"]

1. c4 e5 2. Nc3 Nf6 3. g3 d5 4. cxd5 Nxd5 5. Bg2 Be6 6. e3 Nc6 7. Nge2 Be7 8.
O-O O-O 9. f4 Qd7 10. fxe5 Nxe5 11. d4 Nc4 12. Nxd5 Bxd5 13. e4 Be6 14. b3 Nd6
15. Bb2 Bh3 16. Bxh3 Qxh3 17. Nf4 Qd7 18. Re1 c6 19. d5 f6 20. Rc1 Rac8 21. Qd3
Nf7 22. Red1 cxd5 23. Nxd5 Bc5+ 24. Rxc5 1-0

[Event "KP 2024/25,SSPM Lipky C-SK Lomnice"]
[Site "?"]
[Date "2025.03.23"]
[Round "10.8"]
[White "Dlouhy, Milan"]
[Black "Nosek, Jan"]
[Result "1/2-1/2"]
[WhiteElo "1785"]
[BlackElo "1921"]
[PlyCount "101"]
[EventDate "2025.??.??"]
[SourceVersionDate "2025.03.24"]

1. d4 c5 2. c3 cxd4 3. cxd4 d5 4. Nf3 Nc6 5. Bf4 Nf6 6. e3 Bf5 7. Nc3 a6 8. Bd3
Bxd3 9. Qxd3 e6 10. O-O Be7 11. h3 O-O 12. Rac1 Rc8 13. Nd2 b5 14. a4 b4 15.
Ne2 Qb6 16. b3 Na7 17. Qb1 Qb7 18. Rxc8 Rxc8 19. Rc1 Ne4 20. Qb2 Rc6 21. f3
Nxd2 22. Qxd2 Qc8 23. Rxc6 Qxc6 24. Qc1 f6 25. Qxc6 Nxc6 26. e4 Kf7 27. Kf1 Bd8
28. exd5 exd5 29. Ke1 Bb6 30. Be3 g5 31. g4 Kg6 32. Kd2 f5 33. Kd3 h5 34. Bd2
Bc7 35. Be3 Na5 36. Nc1 Bf4 37. Ke2 Kf6 38. Kd3 fxg4 39. fxg4 Bxe3 40. Kxe3 h4
41. Kf3 Ke6 42. Ke3 Kd6 43. Kd3 Nc6 44. Ke3 Na5 45. Kd3 Kc6 46. Ke3 Kb6 47. Kd3
Nc6 48. Ke3 Ne7 49. Nd3 Nc6 50. Nc5 Na5 51. Kd3 1/2-1/2

[Event "KP 2024/25,J. N. Bydzov-L. Belohrad"]
[Site "?"]
[Date "2025.03.23"]
[Round "10.1"]
[White "Kohout, Martin"]
[Black "Kykal, Vojtech"]
[Result "1-0"]
[WhiteElo "2010"]
[BlackElo "2023"]
[PlyCount "79"]
[EventDate "2025.??.??"]
[TimeControl "900+10"]

{600MB, Fritz10.ctg} 1. e4 c5 2. Nf3 d6 3. Nc3 Nf6 4. Bb5+ Bd7 5. Bxd7+ Qxd7 6.
O-O Nc6 7. d4 cxd4 8. Nxd4 g6 9. Nxc6 Qxc6 10. Qf3 Bg7 11. Bg5 h6 12. Be3 Nd7
13. Qd1 O-O 14. Nd5 Rfe8 15. Bd4 Ne5 16. f4 e6 17. fxe5 exd5 18. Qf3 Qd7 19.
exd5 dxe5 20. Bf2 Rac8 21. Qb3 b6 22. Rad1 Bf8 23. Kh1 Bd6 24. Rd3 Qf5 25. Kg1
e4 26. Rdd1 Qh5 27. Bg3 Bc5+ 28. Kh1 e3 29. d6 Re6 30. d7 Rd8 31. Rd5 e2 32.
Re1 Rf6 33. h3 Rf1+ 34. Kh2 g5 35. Rxc5 bxc5 36. Qe3 f5 37. Rxe2 Rxd7 38. Qe6+
Qf7 39. Qxh6 Qg7 40. Re8+ 1-0

[Event "KP 2024/25,J. N. Bydzov-L. Belohrad"]
[Site "?"]
[Date "2025.03.23"]
[Round "10.2"]
[White "Nalevka, Petr"]
[Black "Prazak, Matous"]
[Result "1/2-1/2"]
[WhiteElo "1962"]
[BlackElo "1961"]
[PlyCount "99"]
[EventDate "2025.??.??"]
[TimeControl "900+10"]

{600MB, Fritz10.ctg} 1. d4 d6 2. c4 e5 3. Nf3 Nc6 4. e3 g6 5. b3 Bg7 6. Bb2 e4
7. Nfd2 f5 8. Be2 Nf6 9. O-O O-O 10. Nc3 Bd7 11. f3 exf3 12. Bxf3 Re8 13. Re1
g5 14. Nf1 Bh6 15. Nd5 g4 16. Nxf6+ Qxf6 17. Bd5+ Kh8 18. g3 Re7 19. Qd2 Bg7
20. Re2 Rae8 21. Rae1 Nd8 22. e4 c6 23. e5 Qg6 24. Bg2 dxe5 25. dxe5 Nf7 26.
Qa5 Bc8 27. e6 Rxe6 28. Bxg7+ Kxg7 29. Rxe6 Rxe6 30. Rxe6 Qxe6 31. Qxa7 Kg6 32.
Qe3 Qxe3+ 33. Nxe3 Kf6 34. Kf2 Ke5 35. Nc2 f4 36. gxf4+ Kxf4 37. Nd4 h5 38. a4
h4 39. Ne2+ Ke5 40. Ke3 Nd6 41. a5 Nf5+ 42. Kd3 c5 43. Be4 g3 44. hxg3 Nxg3 45.
Nxg3 hxg3 46. Bg2 Kf4 47. Kd2 Bg4 48. Bxb7 Bf3 49. Bxf3 Kxf3 50. a6 1/2-1/2

[Event "KP 2024/25,J. N. Bydzov-L. Belohrad"]
[Site "?"]
[Date "2025.03.23"]
[Round "10.3"]
[White "Vanek, Tomas"]
[Black "Korinek, Pavel"]
[Result "0-1"]
[WhiteElo "1910"]
[BlackElo "1980"]
[PlyCount "84"]
[EventDate "2025.??.??"]
[TimeControl "900+10"]

{600MB, Fritz10.ctg} 1. e4 e5 2. d4 exd4 3. Qxd4 Nc6 4. Qe3 Bb4+ 5. c3 Ba5 6.
Qg3 Qf6 7. Bd3 Qg6 8. Qxg6 hxg6 9. Be3 Nf6 10. f3 d6 11. Nd2 Bb6 12. Bxb6 axb6
13. Bc4 Ke7 14. Ne2 Ne5 15. Nc1 Nxc4 16. Nxc4 Be6 17. Ne3 Ra5 18. a3 g5 19. h3
g4 20. fxg4 Bxg4 21. Nxg4 Nxg4 22. Nd3 Nf6 23. Nf2 Nxe4 24. Nxe4 Re5 25. Kd2
Rxe4 26. Rae1 Re5 27. Rxe5+ dxe5 28. Ke3 Rd8 29. Rf1 Ke6 30. Rf2 f5 31. Re2 Kf6
32. h4 g6 33. g3 Rd1 34. Rh2 e4 35. Re2 Rd3+ 36. Kf2 Ke5 37. Kg2 Kd5 38. Kf2
Ke6 39. Kg2 Ke5 40. Kf2 f4 41. gxf4+ Kxf4 42. Kg2 e3 0-1

[Event "KP 2024/25,J. N. Bydzov-L. Belohrad"]
[Site "?"]
[Date "2025.03.23"]
[Round "10.4"]
[White "Balaz, Rene"]
[Black "Vanicek, Vojtech"]
[Result "0-1"]
[WhiteElo "2041"]
[BlackElo "1913"]
[Annotator "user"]
[PlyCount "100"]
[EventDate "2025.??.??"]
[TimeControl "900+10"]

{600MB, Fritz10.ctg} 1. c4 Nf6 2. g3 c5 3. Bg2 g6 4. e4 Nc6 5. Ne2 d6 6. Nbc3
Bg7 7. O-O O-O 8. d3 Nh5 9. f4 f5 10. exf5 Bxf5 11. h3 Nf6 12. g4 Bd7 13. Ng3
e6 14. Be3 a6 15. Rb1 Rb8 16. g5 Ne8 17. h4 Nd4 18. h5 Bc6 19. hxg6 hxg6 20.
Nce4 Nf5 21. Nxf5 exf5 22. Nc3 Bxg2 23. Kxg2 b5 24. cxb5 axb5 25. Qb3+ Rf7 26.
Rbe1 c4 27. dxc4 bxc4 28. Qxc4 Rxb2+ 29. Rf2 Bxc3 30. Qxc3 Qa8+ 31. Kg3 Rxa2
32. Rxa2 Qxa2 33. Rh1 Rh7 34. Rxh7 Kxh7 35. Bd4 Qe2 36. Qb4 Qg4+ 37. Kf2 Qxf4+
38. Ke2 Qg4+ 39. Kf2 Qxg5 40. Qb7+ Kg8 41. Qd5+ Kf8 42. Be3 Qh4+ 43. Ke2 Qg4+
44. Kd2 f4 45. Bd4 Qf5 46. Qh1 Qa5+ 47. Bc3 Qh5 48. Qe4 Qh2+ 49. Kd3 Qg3+ 50.
Kc2 f3 0-1